Marketingová komunikácia v športe a jej právne aspekty diplomová práca

Guardado en:
Detalles Bibliográficos
Autor principal: Františková, Martina
Autor Corporativo: Obchodná fakulta EU. Katedra obchodného práva
Otros Autores: Kropaj, Marián, 1983-
Formato: Libro
Lenguaje:eslovaco
Publicado: Bratislava 2018
Etiquetas: Agregar Etiqueta
Sin Etiquetas, Sea el primero en etiquetar este registro!

MARC

LEADER 00000nbm a2200000 4500
001 0243239
005 20180730094718.7
041 0 |a slo 
044 |a SK 
245 1 0 |a Marketingová komunikácia v športe a jej právne aspekty  |b diplomová práca  |c Martina Františková ; školiteľ: Marian Kropaj 
264 1 |a Bratislava  |c 2018 
300 |a 61 s. 
100 1 |a Františková, Martina 
700 1 |a Kropaj, Marián, 1983- 
710 2 |a Obchodná fakulta EU. Katedra obchodného práva